| 000 | 00000nas 2200000zi 4500 |
| 001 | 9.939766 |
| 003 | CaOODSP |
| 005 | 20250718095053 |
| 006 | m o d f |
| 007 | cr cn |||||||| |
| 008 | 240624c20249999oncar p o f0###a0eng|d |
| 022 | |a2818-4262 |
| 040 | |aCaOODSP|beng|erda|cCaOODSP |
| 043 | |an-cn--- |
| 086 | 1 |aJ85-16E-PDF |
| 110 | 2 |aAdministrative Tribunals Support Service of Canada.|eauthor, |eissuing body. |
| 222 | 0|aReporting obligations under the Fighting Against Forced Labour and Child Labour in Supply Chains Act (S-211) |
| 245 | 10|aReporting obligations under the Fighting Against Forced Labour and Child Labour in Supply Chains Act (S-211) / |cAdministrative Tribunals Support Service of Canada. |
| 264 | 1|a[Ottawa] : |bAdministrative Tribunals Support Service of Canada = Service canadien d'appui aux tribunaux administratifs, |c[2024]- |
| 310 | |aAnnual |
| 336 | |atext|btxt|2rdacontent |
| 337 | |acomputer|bc|2rdamedia |
| 338 | |aonline resource|bcr|2rdacarrier |
| 362 | 1 |aBegan with: May 31, 2024. |
| 500 | |aIssued also in French under title: Obligations de faire rapport en vertu de la Loi sur la lutte contre le travail forcé et le travail des enfants dans les chaînes d'approvisionnement (S-211). |
| 588 | |aDescription based on: May 31, 2024; title from PDF cover page. |
| 588 | |aLatest issue consulted: May 31, 2024. |
| 610 | 20|aAdministrative Tribunals Support Service of Canada|vPeriodicals. |
| 610 | 10|aCanada. |tFighting Against Forced Labour and Child Labour in Supply Chains Act |vPeriodicals. |
| 650 | 0|aForced labor|zCanada|xPrevention|vPeriodicals. |
| 650 | 0|aChild labor|zCanada|xPrevention|vPeriodicals. |
| 655 | 7|aPeriodicals|2lcgft |
| 775 | 08|tObligations de faire rapport en vertu de la Loi sur la lutte contre le travail forcé et le travail des enfants dans les chaînes d'approvisionnement (S-211) / |w(CaOODSP)9.939765 |